| 000 | 00743cam a22002535i 4500 | ||
|---|---|---|---|
| 008 | |||
| 020 | _a9781446285893 (pbk.) | ||
| 049 | _aMAIN | ||
| 090 |
_aLB1131 _bDOW |
||
| 100 | 1 | _aDowling, Marion. | |
| 245 | 1 | 0 |
_aYoung children's personal, social and emotional development / _cMarion Dowling. |
| 250 | _a4th ed. | ||
| 260 |
_aLos Angeles : _bSAGE, _c2014. |
||
| 300 |
_axiv, 250p. : _bcol. ill. ; _c25cm. |
||
| 500 | _aIncludes index. | ||
| 504 | _aIncludes bibliographical references. | ||
| 650 | _aChild development. | ||
| 650 | _aChild psychology. | ||
| 907 |
_a.b10375132 _b16-09-16 _c14-09-16 |
||
| 003 | |||
| 005 | 20230123122229.0 | ||
| 040 | _cNUST | ||
| 942 |
_cBOOKS _kLB1131 _mDOW |
||
| 999 |
_c130070 _d130070 |
||